[Event "NOR-ch"]
[Site "Fredrikstad"]
[Date "2003.07.12"]
[Round "9"]
[White "Djurhuus, Rune"]
[Black "Carlsen, Magnus"]
[Result "1/2-1/2"]
[WhiteElo "2475"]
[BlackElo "2385"]
[PlyCount "79"]
[EventDate "2003.07.04"]
[EventType "tourn"]
[EventRounds "9"]
[EventCountry "NOR"]
[SourceTitle "CBM 095 Extra"]
[Source "ChessBase"]
[SourceDate "2003.09.04"]
[SourceVersion "1"]
[SourceVersionDate "2003.09.04"]
[SourceQuality "1"]

1. d4 Nf6 2. c4 g6 3. Nc3 d5 4. cxd5 Nxd5 5. e4 Nxc3 6. bxc3 Bg7 7. Bc4 c5 8. Ne2 O-O 9. O-O Nc6 10. Be3 Bd7 11. Rb1 a6 12. d5 ({RR} 12. dxc5 Qc7 13. Qc2 Na5 14. Bd3 Rfd8 15. Rfd1 Be6 16. Nf4 Bc4 17. Bxc4 Nxc4 18. Nd5 Rxd5 19. exd5 Nxe3 20. fxe3 Qxc5 21. Rxb7 Qxe3+ 22. Qf2 Qxc3 23. d6 exd6 24. Qxf7+ Kh8 25. h3 Rf8 26. Qe7 h5 {Kramnik,V (2751)-Svidler,P (2713) ICC INT 1999 1-0 (44)}) ({RR} 12. dxc5 Qc7 13. Nd4 e6 14. f4 Rfd8 15. Nxc6 Bxc6 16. Qc2 Kh8 17. e5 Bf8 18. Rfd1 Rxd1+ 19. Rxd1 Qa5 20. Rd6 Qa4 21. Bb3 Qe4 22. Qxe4 Bxe4 23. Rd7 Kg8 24. Rc7 Rd8 25. Bd4 h5 26. h4 Bc6 {Estremera Panos,S (2350)-Carlsen,M (2450) Taormina 2003 ½-½ (32)}) 12... Ne5 13. Bb3 Qc7 ({RR} 13... Qa5 14. f4 Ng4 15. Bc1 c4 16. Bc2 e5 17. dxe6 Bxe6 18. Nd4 Rad8 19. Qf3 Rxd4 20. cxd4 Bxd4+ 21. Kh1 Qxa2 22. Qe2 b5 23. f5 Bc8 24. Qxg4 Qxc2 25. Bh6 Re8 26. Rbd1 Be5 27. Rd5 Qc3 28. Rc5 {Mueller,F (2314)-Laubsch,B (2284) Germany 2011 1-0 (38)}) 14. h3 e6 $146 ({RR} 14... b5 15. f4 Nc4 16. Bxc4 bxc4 17. Qc1 Ba4 18. Qa3 Bc2 19. Rb2 Bxe4 20. Bxc5 Bxd5 21. Bxe7 Rfe8 22. Bd6 Qc6 23. Nd4 Bxd4+ 24. cxd4 Re6 25. Bc5 Rae8 26. Rb6 Qa8 27. Rxe6 Rxe6 28. Rf2 Qe8 29. Qg3 {Maier,P (2159)-Bensch,P (2262) Austria 2008 0-1 (35)}) 15. d6 Qc6 16. Ng3 f6 17. Qd2 Nf7 18. Bc2 e5 19. Qd5 Qxd5 20. exd5 b5 21. Ne4 Bf5 22. Bxc5 Rfd8 23. a4 Bxe4 24. Bxe4 f5 25. Bd3 e4 26. Be2 Nxd6 27. Bxd6 Rxd6 28. axb5 axb5 29. Bxb5 Bxc3 30. Rfc1 Be5 31. Bc6 Ra7 32. Rb8+ Kg7 33. Re8 Bd4 34. Rd1 Bc5 35. Rc1 Bd4 36. Rc2 Kf7 37. g3 Rxd5 38. Rxe4 Rc5 39. Rxc5 Bxc5 40. Re2 1/2-1/2

[Event "Politiken Cup 25th"]
[Site "Copenhagen"]
[Date "2003.07.17"]
[Round "4"]
[White "Olsson, Linus"]
[Black "Carlsen, Magnus"]
[Result "0-1"]
[WhiteElo "2244"]
[BlackElo "2385"]
[PlyCount "44"]
[EventDate "2003.07.14"]
[EventType "swiss"]
[EventRounds "11"]
[EventCountry "DEN"]
[SourceTitle "CBM 095 Extra"]
[Source "ChessBase"]
[SourceDate "2003.09.04"]
[SourceVersion "1"]
[SourceVersionDate "2003.09.04"]
[SourceQuality "1"]

1. d4 Nf6 2. c4 g6 3. Nc3 d5 4. cxd5 Nxd5 5. e4 Nxc3 6. bxc3 Bg7 7. Bc4 c5 8. Ne2 Nc6 9. Be3 O-O 10. Rc1 cxd4 11. cxd4 Qa5+ 12. Kf1 Rd8 13. h4 Bd7 ({RR} 13... Qa3 14. Rc3 Qd6 15. Rd3 Na5 16. Bb3 Nxb3 17. Qxb3 b6 18. Rd2 Ba6 19. Qa4 b5 20. Qa5 Rac8 21. f3 b4 22. Kf2 Bxe2 23. Kxe2 Qg3 24. Qg5 Qc7 25. Kf2 h6 26. Qb5 Qc4 27. Qxc4 Rxc4 28. Rhd1 {Zilakauskis,S (1931)-Vasylius,K (2076) Lithuania LTU 2025 0-1 (45)}) ({RR} 13... e6 14. h5 b5 15. Bb3 Bb7 16. hxg6 hxg6 17. Bh6 Nxd4 18. Bxg7 Kxg7 19. Nxd4 Qb6 20. Qd2 Qxd4 21. Qh6+ Kf6 22. Qf4+ Kg7 23. Qh6+ Kf6 24. Rh3 Bxe4 25. Qh4+ Kg7 26. Qh6+ Kf6 27. Kg1 Qd2 28. Qh4+ {Olsson,L (2269)-Steel,H Dos Hermanas 2004 0-1 (69)}) 14. h5 Rac8 15. hxg6 hxg6 16. Nf4 $146 ({RR} 16. f3 Nb4 17. Qe1 Bb5 18. Bxb5 Rxc1 19. Qxc1 Qxb5 20. Qc7 Qd7 21. Qh2 Qa4 22. Qh7+ Kf8 23. Bh6 Ke8 24. Bxg7 Nd3 25. Nc3 Qc2 26. Kg1 Qxc3 27. Qh3 Qe1+ 28. Kh2 Qxh1+ 29. Kxh1 Nf2+ 30. Kh2 Nxh3 {Mohota,N-Aginian,N Szeged 1994 0-1 (44)}) 16... Nxd4 17. Kg1 Bb5 18. Bxb5 Rxc1 19. Qxc1 Qxb5 20. Qa3 Ne2+ 21. Kh2 Nxf4 22. Bxf4 Rd3 0-1

[Event "Politiken Cup 25th"]
[Site "Copenhagen"]
[Date "2003.07.18"]
[Round "5"]
[White "Carlsen, Magnus"]
[Black "Ward, Christopher"]
[Result "1-0"]
[WhiteElo "2385"]
[BlackElo "2531"]
[PlyCount "77"]
[EventDate "2003.07.14"]
[EventType "swiss"]
[EventRounds "11"]
[EventCountry "DEN"]
[SourceTitle "CBM 095 Extra"]
[Source "ChessBase"]
[SourceDate "2003.09.04"]
[SourceVersion "1"]
[SourceVersionDate "2003.09.04"]
[SourceQuality "1"]

1. d4 Nf6 2. c4 e6 3. Nc3 Bb4 4. Nf3 b6 5. Bg5 h6 6. Bh4 g5 7. Bg3 Ne4 8. Qc2 Bb7 9. e3 Bxc3+ 10. bxc3 Nxg3 11. fxg3 g4 12. Nh4 Qg5 13. Qd2 Nc6 14. Bd3 Ne7 15. O-O f5 16. a4 O-O 17. a5 d5 18. Qe2 $146 ({RR} 18. Rfe1 Kg7 19. Re2 Rfd8 20. Qc2 c5 21. a6 Bc6 22. Qb2 dxc4 23. Bxc4 Rd6 24. Bd3 Rad8 25. Rae1 Qf6 26. Bb1 h5 27. Rf2 Qg5 28. e4 Bxe4 29. Bxe4 fxe4 30. Rxe4 cxd4 31. cxd4 Nd5 32. h3 Rc6 {Ionov,S (2530)-Gerchikov,A (2310) St Petersburg 1998 1-0 (38)}) 18... Kg7 19. Rae1 dxc4 20. Bxc4 Nd5 21. e4 Nxc3 22. Qc2 Bxe4 23. Qxc3 Rae8 24. axb6 axb6 25. Bb5 Re7 26. Bc6 Bxc6 27. Qxc6 Rf6 28. Qc3 Rff7 29. d5+ Qf6 30. Qe3 exd5 31. Nxf5+ Qxf5 32. Rxf5 Rxe3 33. Rxf7+ Kxf7 34. Rxe3 d4 35. Re4 c5 36. Kf2 Kf6 37. Ke2 b5 38. Kd3 h5 39. Re8 1-0

[Event "Politiken Cup 25th"]
[Site "Copenhagen"]
[Date "2003.07.19"]
[Round "6"]
[White "Carlsen, Magnus"]
[Black "Sasikiran, Krishnan"]
[Result "1/2-1/2"]
[WhiteElo "2385"]
[BlackElo "2654"]
[PlyCount "79"]
[EventDate "2003.07.14"]
[EventType "swiss"]
[EventRounds "11"]
[EventCountry "DEN"]
[SourceTitle "CBM 095 Extra"]
[Source "ChessBase"]
[SourceDate "2003.09.04"]
[SourceVersion "1"]
[SourceVersionDate "2003.09.04"]
[SourceQuality "1"]

1. d4 Nf6 2. c4 g6 3. Nc3 Bg7 4. Nf3 O-O 5. Bg5 d6 6. e3 c6 7. Be2 a6 8. O-O b5 9. cxb5 axb5 10. b4 Nbd7 11. a4 bxa4 12. Rxa4 Bb7 13. Rxa8 Qxa8 $146 ({RR} 13... Bxa8 14. Qa4 h6 15. Bxf6 Bxf6 16. Qa7 {½-½ (16) Landenbergue,C (2435)-Jenni,F (2544) Samnaun 2008}) 14. Qa1 h6 15. Bxf6 Bxf6 16. Qb2 Qb8 17. Qb3 e6 18. Rd1 Rc8 19. Bc4 Kg7 20. Ne4 Bd8 21. Bxe6 fxe6 22. Qxe6 Nf8 23. Qxd6 Qc7 24. Qc5 Ne6 25. Qc3 Kh7 26. Ne5 Qe7 27. f4 Rc7 28. Qc2 Nf8 29. f5 gxf5 30. Ng3 Bc8 31. Nxf5 Bxf5 32. Qxf5+ Kg8 33. Rf1 Qe8 34. Qc2 Qe6 35. Qf2 Nh7 36. Qg3+ Rg7 37. Qf3 Re7 38. Qg3+ Rg7 39. Qf3 Re7 40. Qg3+ 1/2-1/2

[Event "Politiken Cup 25th"]
[Site "Copenhagen"]
[Date "2003.07.20"]
[Round "7"]
[White "Jussupow, Artur"]
[Black "Carlsen, Magnus"]
[Result "1-0"]
[WhiteElo "2583"]
[BlackElo "2385"]
[PlyCount "81"]
[EventDate "2003.07.14"]
[EventType "swiss"]
[EventRounds "11"]
[EventCountry "DEN"]
[SourceTitle "CBM 095 Extra"]
[Source "ChessBase"]
[SourceDate "2003.09.04"]
[SourceVersion "1"]
[SourceVersionDate "2003.09.04"]
[SourceQuality "1"]

1. d4 Nf6 2. Nf3 g6 3. c4 Bg7 4. Nc3 d5 5. e3 O-O 6. Qb3 e6 7. Bd2 b6 8. cxd5 exd5 9. Be2 Bb7 10. O-O Nbd7 11. Rfd1 c6 12. a4 a5 13. Rac1 Re8 14. Ne1 Bf8 ({RR} 14... Nf8 15. Nd3 Ne6 16. Bf1 h5 17. Ne2 Ne4 18. Nef4 N6g5 19. h4 Nh7 20. Be1 Nd6 21. g3 Nf8 22. Bg2 Rb8 23. Qa2 Nd7 24. b4 axb4 25. Nxb4 Rc8 26. Nxg6 fxg6 27. Nxc6 Qf6 28. Qxd5+ Kh7 29. Bb4 {Jussupow,A (2587)-Kasimdzhanov,R (2699) Germany 2014 ½-½}) 15. Nd3 Bd6 16. f4 Qe7 $146 ({RR} 16... Nf8 17. Ne5 Rc8 18. Bf3 Ne6 19. Be1 Kg7 20. Ne2 Qc7 21. Bh4 Qd8 22. Bxf6+ Kxf6 23. e4 dxe4 24. Bxe4 Kg7 25. Qf3 Qf6 26. g3 Nd8 27. Nc3 Qe7 28. h4 f5 29. Bb1 c5 30. Nd5 Qe6 31. dxc5 {Shen,Y (2435)-Lei,T (2374) Xinghua 2014 ½-½ (68)}) 17. Ne5 Bb4 18. Bf3 Rac8 19. Be1 Qe6 20. Bh4 c5 21. h3 c4 22. Qc2 Be7 23. Rf1 Bb4 24. g4 Bxc3 25. bxc3 Ne4 26. f5 Qd6 27. Bxe4 dxe4 28. fxg6 fxg6 29. Nf7 Qe6 30. Nh6+ Kh8 31. Rf7 Rf8 32. Rcf1 Rxf7 33. Nxf7+ Kg8 34. Nd8 Qd5 35. Qf2 Bc6 36. Qf4 b5 37. axb5 Bxb5 38. Qh6 Rxd8 39. Bxd8 Qd6 40. Kg2 a4 41. Ba5 1-0

[Event "Politiken Cup 25th"]
[Site "Copenhagen"]
[Date "2003.07.24"]
[Round "10"]
[White "Speelman, Jonathan S"]
[Black "Carlsen, Magnus"]
[Result "1/2-1/2"]
[WhiteElo "2589"]
[BlackElo "2385"]
[PlyCount "73"]
[EventDate "2003.07.14"]
[EventType "swiss"]
[EventRounds "11"]
[EventCountry "DEN"]
[SourceTitle "CBM 095 Extra"]
[Source "ChessBase"]
[SourceDate "2003.09.04"]
[SourceVersion "1"]
[SourceVersionDate "2003.09.04"]
[SourceQuality "1"]

1. d4 Nf6 2. Bg5 Ne4 3. Bf4 d5 4. Nd2 Bf5 5. e3 e6 6. Nxe4 ({RR} 6. f3 Nd6 7. Bd3 Be7 8. e4 Bg6 9. Ne2 Bg5 10. O-O Bxf4 11. Nxf4 O-O 12. Re1 Nd7 13. exd5 Bxd3 14. dxe6 Bf5 15. e7 Qc8 16. exf8=Q+ Nxf8 17. Ne4 Nc4 18. b3 Nb6 19. c4 Qd8 20. Ng3 Bg6 {Pragnya H G (1933)-Vedant,N (2167) chess.com INT 2024 0-1 (60)}) 6... Bxe4 7. Ne2 ({RR} 7. Nf3 Bd6 8. Bxd6 Qxd6 9. Nd2 Bg6 10. c4 O-O 11. cxd5 exd5 12. Be2 Nd7 13. O-O c6 14. Qb3 Rab8 15. Rfc1 Rfe8 16. Bf3 Nf6 17. Qc3 Be4 18. Be2 Bf5 19. Qc5 Qxc5 20. Rxc5 Nd7 21. Rcc1 a5 {Speelman,J (2597)-Polgar,J (2671) Batumi 1999 ½-½}) 7... Bd6 8. Qd2 $146 ({RR} 8. Bg3 O-O 9. Nc3 Bb4 10. a3 Bxc3+ 11. bxc3 c5 12. f3 Bg6 13. Bd3 Qa5 14. Qd2 Bxd3 15. cxd3 Rc8 16. Ke2 Nd7 17. Rhb1 Nb6 18. dxc5 Qxc5 19. Rb3 e5 20. Rab1 e4 21. Be5 Qe7 22. f4 exd3+ {Vamos,V (2220)-Werle,J Cannes 1997 ½-½ (47)}) ({RR} 8. Ng3 Bg6 9. h4 Bxf4 10. exf4 h6 11. h5 Bh7 12. Bd3 Bxd3 13. Qxd3 Qd6 14. Qd2 Nd7 15. c3 {½-½ (15) Fressinet,L (2440)-Bauer,C (2480) Besancon 1999}) 8... Nc6 9. Bxd6 Qxd6 10. Nc3 Bg6 11. Be2 Ne7 12. Nb5 Qd7 13. O-O O-O 14. Rfd1 c6 15. Nc3 Qd6 16. Na4 e5 17. Nc5 b6 18. Nd3 Bxd3 19. dxe5 Qxe5 20. cxd3 Qd6 21. b4 a5 22. a3 g6 23. g3 Ra7 24. d4 axb4 25. axb4 Rfa8 26. Rxa7 Rxa7 27. b5 c5 28. dxc5 bxc5 29. Bc4 Qb6 30. Bxd5 Nxd5 31. Qxd5 Qxb5 32. h4 h5 33. Rc1 Rd7 34. Qe5 Qc6 35. Qe8+ Kg7 36. Qe5+ f6 37. Qc3 1/2-1/2

[Event "Politiken Cup 25th"]
[Site "Copenhagen"]
[Date "2003.07.25"]
[Round "11"]
[White "Carlsen, Magnus"]
[Black "Koneru, Humpy"]
[Result "1-0"]
[WhiteElo "2385"]
[BlackElo "2468"]
[PlyCount "77"]
[EventDate "2003.07.14"]
[EventType "swiss"]
[EventRounds "11"]
[EventCountry "DEN"]
[SourceTitle "CBM 095 Extra"]
[Source "ChessBase"]
[SourceDate "2003.09.04"]
[SourceVersion "1"]
[SourceVersionDate "2003.09.04"]
[SourceQuality "1"]

1. d4 Nf6 2. Nf3 e6 3. c4 b6 4. g3 Ba6 5. b3 d5 6. Bg2 Bd6 7. O-O O-O 8. Nbd2 Qe7 9. Qc2 Bb7 $146 ({RR} 9... Nbd7 10. e4 dxe4 11. Ng5 c5 12. dxc5 Nxc5 13. Ndxe4 Nfxe4 14. Nxe4 Rad8 15. Nxd6 Rxd6 16. Be3 Rfd8 17. Rfd1 Nd3 18. Be4 Qf6 19. Bxd3 Rxd3 20. Rac1 Rxd1+ 21. Rxd1 Bb7 22. Rxd8+ Qxd8 23. Qd2 Qc8 24. Qd6 {Skjoldan,B (2024)-Romsdal,T (2205) Copenhagen 2002 0-1 (34)}) 10. Bb2 Na6 11. Nh4 Ba3 12. cxd5 Bxb2 13. Qxb2 exd5 14. e3 Ne4 15. Nhf3 c5 16. Ne5 Rac8 17. Rac1 Rfe8 18. Nd3 Nc7 19. Nf4 Qf6 20. Nh5 Qh6 21. Nf4 g5 22. Ne2 Ne6 23. Nxe4 dxe4 24. Rfd1 Qf6 25. Nc3 Nf8 26. d5 Ba6 27. Qc2 Rcd8 28. Nxe4 Qg6 29. b4 f5 30. Nd2 Nd7 31. Qa4 b5 32. Qa5 c4 33. d6 Nb8 34. a4 Qxd6 35. axb5 Re5 36. Qa1 Rxb5 37. Ne4 Qe7 38. Nf6+ Kf7 39. Nd5 1-0

[Event "Schwarzach op-A 18th"]
[Site "Salzburg"]
[Date "2003.08.27"]
[Round "5.4"]
[White "Krivoshey, Sergei"]
[Black "Carlsen, Magnus"]
[Result "0-1"]
[WhiteElo "2507"]
[BlackElo "2385"]
[PlyCount "80"]
[EventDate "2003.08.23"]
[EventType "swiss"]
[EventRounds "9"]
[EventCountry "AUT"]
[SourceTitle "EXT 2004"]
[Source "ChessBase"]
[SourceDate "2003.11.25"]
[SourceVersion "1"]
[SourceVersionDate "2003.11.25"]
[SourceQuality "1"]

1. d4 Nf6 2. Nf3 g6 3. Bf4 Bg7 4. e3 O-O 5. Be2 d6 6. h3 Nbd7 7. O-O e5 8. Bh2 ({RR} 8. dxe5 Nh5 9. Bg5 f6 10. exf6 Nhxf6 11. c3 Kh8 12. Nbd2 h6 13. Bf4 Qe7 14. Bh2 b6 15. Nh4 Qf7 16. Qc2 Bb7 17. Nxg6+ Kg8 18. Nxf8 Rxf8 19. Bc4 d5 20. Bd3 c5 21. Bg6 Qe7 22. Rae1 Ne5 {Burmakin,V (2435)-Hernandez Bermudez,U (2042) chess.com INT 2025 1-0 (62)}) 8... Qe7 ({RR} 8... Ne4 9. Nbd2 Nxd2 10. Qxd2 b6 11. c4 Bb7 12. b4 Re8 13. a3 Qe7 14. Rac1 Rad8 15. a4 h6 16. a5 exd4 17. Nxd4 Be5 18. axb6 axb6 19. Bf3 Bxh2+ 20. Kxh2 Bxf3 21. Nxf3 Nf6 22. b5 d5 23. cxd5 {Budnikov,A (2520)-Epishin,V (2620) Moscow 1993 ½-½}) 9. c4 b6 $146 ({RR} 9... c6 10. Nc3 Rd8 11. Re1 b6 12. a4 Ba6 13. a5 e4 14. Nd2 d5 15. cxd5 Bxe2 16. Qxe2 cxd5 17. Qb5 bxa5 18. Nxd5 Nxd5 19. Qxd5 Qb4 20. Qxa5 Qxb2 21. Nxe4 Rdc8 22. Nd6 Rc6 23. Qd5 Qc2 24. Qxf7+ {Mezentsev,I (2354)-Gevorgyan,M (2228) Chess.com INT 2020 1-0 (34)}) ({RR} 9... c6 10. Nc3 Rd8 11. Re1 b6 12. a4 Ba6 13. a5 e4 14. Nd2 d5 15. cxd5 Bxe2 16. Qxe2 cxd5 17. Qb5 bxa5 18. Nxd5 Nxd5 19. Qxd5 Qb4 20. Qxa5 Qxb2 21. Nxe4 Rdc8 22. Nd6 Rc6 23. Qd5 Qc2 24. Qxf7+ {Mezentsev,I (2354)-Gevorgyan,M (2228) Chess.com INT 2020 1-0 (34)}) 10. Nc3 Bb7 11. Qc2 exd4 12. Nxd4 Ne5 13. Rad1 c5 14. Nb3 Rad8 15. e4 Qe6 16. Nd5 Nxd5 17. cxd5 Qe7 18. f4 Nd7 19. Bf3 Qh4 20. Nd2 Ba6 21. Nc4 Bxc4 22. Qxc4 Bxb2 23. Qa6 Qe7 24. Rfe1 Rfe8 25. a4 Rc8 26. Re2 Bg7 27. e5 dxe5 28. d6 Qd8 29. fxe5 Bxe5 30. Bxe5 Rxe5 31. Rde1 Rxe2 32. Rxe2 c4 33. Bd5 c3 34. Qd3 Nf6 35. Bb3 Rc6 36. Re7 Rxd6 37. Qe3 Rd3 38. Qe2 Rd2 39. Qe3 c2 40. Bxf7+ Kf8 0-1

[Event "Schwarzach op-A 18th"]
[Site "Salzburg"]
[Date "2003.08.29"]
[Round "7.4"]
[White "Zimmerman, Yuri"]
[Black "Carlsen, Magnus"]
[Result "0-1"]
[WhiteElo "2320"]
[BlackElo "2385"]
[PlyCount "84"]
[EventDate "2003.08.23"]
[EventType "swiss"]
[EventRounds "9"]
[EventCountry "AUT"]
[SourceTitle "EXT 2004"]
[Source "ChessBase"]
[SourceDate "2003.11.25"]
[SourceVersion "1"]
[SourceVersionDate "2003.11.25"]
[SourceQuality "1"]

1. d4 {Rogozenco,Dorian} Nf6 2. c4 g6 3. Nc3 d5 4. cxd5 Nxd5 5. Bd2 Bg7 6. e4 Nb6 7. Be3 O-O 8. Bb5 Be6 ({RR} 8... a6 9. Be2 Nc6 10. d5 Ne5 11. Bd4 c5 12. Bxc5 Nec4 13. Qb3 Nxb2 14. Bxb6 Bxc3+ 15. Kf1 Qd6 16. Rb1) 9. Nf3 ({RR} 9. Nge2 c6 ({RR} 9... Nc4 10. Bc1 c6 11. Ba4) ({RR} 9... Bc4 10. O-O Bxb5 11. Nxb5) 10. Bd3 Nc4 11. Bxc4 Bxc4 12. O-O Nd7 13. Qd2 Qa5 14. Rfd1 Rad8 15. Bh6 ({RR} 15. b3 Ba6 16. Bh6) 15... Bxe2 16. Nxe2 ({RR} 16. Bxg7 Bxd1 ({RR} 16... Kxg7 17. Qxe2) 17. Bxf8 Nxf8 18. Rxd1 Ne6 19. d5 Nc7 ({RR} 19... cxd5 20. Nxd5 Qxd2 21. Rxd2 Kg7 22. Rc2 Nf4 23. Ne3) 20. h4 cxd5 21. exd5 h5 22. Qg5) 16... Qxd2 17. Bxd2 Nb6 18. Bc3 Rd7 19. b3 f5 20. f3 Rfd8 21. Re1 fxe4 22. fxe4 e5 23. dxe5 Rd3 {Wang,Y (2752)-Carlsen,M (2813) Medias 2010 CBM 137 [Rogozenco,Dorian] 0-1 (47)} {RR} 24. Bb2 Rd2 ({RR} 24... g5) 25. Bc3 Rc2 26. Rac1 Rxa2 27. Ra1 Rxa1 28. Rxa1 Ra8 29. Bd4 Nd7 30. Rxa7 Rxa7 31. Bxa7) 9... Bc4 10. b3 $146 ({RR} 10. Rc1 Na6 11. b3 Bxb5 12. Nxb5 f5 13. Qd2 fxe4 14. Ng5 Qd7 15. Nc3 Rad8 16. O-O c5 17. dxc5 Qxd2 18. Bxd2 Rxd2 19. cxb6 Bxc3 20. Rxc3 axb6 21. a4 Re2 22. Ne6 Rf6 23. Rc8+ Kf7 24. Ng5+ Kg7 {Shaydullina,S (2158)-Artemiev,V (2401) Izhevsk 2011 0-1 (65)}) ({RR} 10. Bxc4 Nxc4 11. Qb3 Nxe3 12. fxe3 b6 13. h4 c5 14. O-O-O Qc8 15. h5 Nc6 16. hxg6 hxg6 17. e5 cxd4 18. exd4 Qf5 19. Qc2 Qxc2+ 20. Kxc2 f6 21. e6 f5 22. Ne2 Nb4+ 23. Kb3 Nd5 24. Ng5 Rfc8 {Roebers,E (2381)-Calvo Gonzalez,J (2218) Roquetas de Mar ESP 2025 1-0 (37)}) ({RR} 10. Bxc4 Nxc4 11. Qb3 Nxe3 12. fxe3 b6 13. e5 e6 14. O-O {½-½ (14) Khalifman,A (2622)-Danin,A (2465) Moscow 2009}) 10... Bxb5 11. Nxb5 Qd7 12. Nc3 Nc6 13. Qd2 Rad8 14. Rd1 f5 15. e5 Nd5 16. Nxd5 Qxd5 17. O-O Qb5 18. Bh6 Rd5 19. Bxg7 Kxg7 20. Qc3 h6 21. Rd2 Rfd8 22. Rfd1 Qb4 23. Qe3 e6 24. h4 Qe7 25. Qf4 Rh8 26. Qg3 Kf7 27. Qf4 Ke8 28. Rc2 Nb4 29. Rc4 Rd7 30. Qd2 Nd5 31. b4 g5 32. hxg5 hxg5 33. Qxg5 Qh7 34. Kf1 Rg7 35. Qc1 Rxg2 36. Ke2 Qg7 37. Rg1 Rh3 38. Rxg2 Qxg2 39. Ne1 Qe4+ 40. Kd2 Nf4 41. Qd1 Rd3+ 42. Nxd3 Qxd3+ 0-1

[Event "EU-ch U14"]
[Site "Budva"]
[Date "2003.09.21"]
[Round "8"]
[White "Carlsen, Magnus"]
[Black "Andriasian, Zaven"]
[Result "0-1"]
[WhiteElo "2385"]
[BlackElo "2311"]
[PlyCount "68"]
[EventDate "2003.09.13"]
[EventType "swiss"]
[EventRounds "9"]
[EventCountry "YUG"]
[SourceTitle "CBM 096 Extra"]
[Source "ChessBase"]
[SourceDate "2003.10.22"]
[SourceVersion "2"]
[SourceVersionDate "2003.10.20"]
[SourceQuality "1"]

1. d4 {Huebner,Robert} d5 2. c4 c6 3. Nf3 Nf6 4. Nc3 dxc4 5. a4 Bf5 6. Nh4 Bg4 7. h3 Bh5 8. g4 Bg6 9. Nxg6 hxg6 10. e3 e6 11. Bxc4 Bb4 12. Bd2 ({RR} 12. Qf3 Qa5 13. Bd2 Nbd7 14. h4 Nb6 15. Bb3 Rd8 16. g5 Nfd5 17. Rc1 c5 18. h5 cxd4 19. exd4 Rxh5 20. Rxh5 gxh5 21. Qxh5 g6) 12... Nbd7 13. g5 Nd5 14. e4 N5b6 15. Bb3 a5 16. Qe2 e5 $146 ({RR} 16... c5 17. d5 c4 ({RR} 17... e5 18. h4) ({RR} 17... exd5 18. Bxd5 ({RR} 18. exd5+ Kf8 19. O-O-O Bxc3 20. bxc3 c4 21. Bxc4 ({RR} 21. Bc2 Nc5) 21... Nxa4) ({RR} 18. Nxd5 Bxd2+ 19. Qxd2 c4 20. Bc2 Nxd5 21. Qxd5 Qc7 22. O-O-O Rd8) 18... Bxc3 19. Bxc3 ({RR} 19. bxc3 Nxd5 20. exd5+ Kf8 21. Kf1 Nb6 22. c4 Nc8) 19... Nxd5 20. exd5+ Kf8 21. Qe3 ({RR} 21. h4 Qc7) 21... Qc7 22. O-O-O Re8 23. Qf3 Qd6) 18. Bxc4 Nxc4 19. Qxc4 O-O 20. O-O-O ({RR} 20. dxe6 Ne5 21. Qd5 Qc7 22. exf7+ Rxf7 23. O-O-O Rd8 24. Qe6 Nd3+ ({RR} 24... Nf3) 25. Kb1 Nxf2 26. Nd5 Qc6 27. Qxc6 bxc6 28. Bxb4 cxd5 29. Bxa5 Ra8 30. Bb6 Nxh1 31. Rxh1 dxe4) 20... Rc8 21. Qe2 ({RR} 21. Qb5 Nc5 ({RR} 21... Rc5 22. Qxb7 exd5 23. Be3 Rc7 24. Qxd5 Bxc3 25. bxc3 Rxc3+ 26. Kd2 Qc7 27. Rc1) 22. Kb1 exd5 23. Nxd5 ({RR} 23. Be3 Qe7) ({RR} 23. exd5 Bxc3 24. Bxc3 Qxg5) 23... Bxd2 24. Rxd2 Qxg5 25. f4 Qh4 26. e5) 21... exd5 22. Kb1 ({RR} 22. exd5 Nb6 23. Kb1 Bxc3 24. Bxc3 Nxa4) 22... Bxc3 ({RR} 22... dxe4 23. Nxe4 Qc7 24. Bxb4 axb4 25. Nd6 Ra8 26. Qc4 ({RR} 26. Qb5 Nc5) ({RR} 26. Nb5 Qc6) 26... Qa5 27. b3 Qxg5) ({RR} 22... Qc7 23. exd5 ({RR} 23. Rc1 Qe5 24. f4 Qe6) 23... Nb6) 23. Bxc3 Nc5 24. Rxd5 Qe8 25. f3 b6 ({RR} 25... Qxa4 26. Qd1 Qxd1+ ({RR} 26... Nb3 27. Rxa5) 27. Rhxd1 b6) 26. Qe3 Nxa4 ({RR} 26... Qxa4 27. Qd4 Qxd4 28. Bxd4 Rc6 29. Rc1 Rfc8) 27. Bd4 Rc4 ({RR} 27... Qc6 28. Rc1 ({RR} 28. h4 Qc2+ 29. Ka1 Rc4) 28... Qe6) 28. h4 Qc6 29. h5 gxh5 30. Rxh5 Rc8 31. Rh1 {Carlsen,M (2552)-Nielsen,P (2628) Malmo/Copenhagen 2004 CBM 101 [Huebner,Robert] 1-0 (40)} {RR} Nc5 32. Bxg7 Kxg7 33. g6 Qxg6 ({RR} 33... fxg6 34. Qh6+ Kf7 35. Qh7+ Kf6 36. Rg1) 34. Rg5) 17. dxe5 Nxe5 18. O-O-O Nd3+ 19. Kb1 Nc5 20. Nb5 Nxb3 21. Bxb4 axb4 22. Rxd8+ Rxd8 23. Nc7+ Ke7 24. Qc2 Nc4 25. h4 Nba5 26. Rd1 b3 27. Qe2 Rxd1+ 28. Qxd1 Rd8 29. Nd5+ cxd5 30. exd5 Re8 31. Qd4 Kd8 32. Qd1 Re4 33. Kc1 Ne5 34. d6 Re1 0-1

[Event "EU-Cup 19th"]
[Site "Rethymno"]
[Date "2003.10.01"]
[Round "4.1"]
[White "Winants, Luc"]
[Black "Carlsen, Magnus"]
[Result "1-0"]
[WhiteElo "2501"]
[BlackElo "2385"]
[PlyCount "69"]
[EventDate "2003.09.28"]
[EventType "team-swiss"]
[EventRounds "7"]
[EventCountry "GRE"]
[SourceTitle "CBM 098"]
[Source "ChessBase"]
[SourceDate "2004.02.03"]
[SourceVersion "1"]
[SourceVersionDate "2004.02.03"]
[SourceQuality "1"]
[WhiteTeam "Liege"]
[BlackTeam "Asker"]
[WhiteTeamCountry "BEL"]
[BlackTeamCountry "NOR"]

1. d4 Nf6 2. Bg5 Ne4 3. Bf4 d5 4. e3 c5 5. Bd3 Nf6 6. dxc5 Nc6 7. Bb5 e6 8. b4 Bd7 ({RR} 8... a5 9. Bxc6+ bxc6 10. c3 Ba6 11. Ne2 Nd7 12. Nd2 e5 13. Bg3 h5 14. Nf3 Qf6 15. h4 Be7 16. O-O Qf5 17. Re1 O-O 18. a4 Rfc8 19. b5 Bb7 20. Ned4 exd4 21. exd4 Bf6 22. Qd2 Nf8 23. Be5 {Aronian,L (2648)-Short,N (2702) Reykjavik 2004 0-1 (36)}) 9. c3 a5 10. Qb3 $146 ({RR} 10. a4 axb4 11. Bxc6 Bxc6 12. cxb4 b6 13. Nd2 bxc5 14. b5 Bb7 15. Ngf3 c4 16. O-O Bb4 17. Qc2 O-O 18. Rfb1 Ba5 19. h3 Re8 20. Rd1 Qe7 21. Be5 Nd7 22. Bd4 Rec8 23. Bc3 Nc5 24. Nb1 Nd3 {Gustafsson,J (2571)-Avrukh,B (2609) Plovdiv 2003 ½-½ (58)}) ({RR} 10. Bxc6 Bxc6 11. Ne2 axb4 12. cxb4 b6 13. O-O bxc5 14. bxc5 Bxc5 15. Nbc3 {½-½ (15) Maiwald,J (2468)-Zwahr,P (2363) Dresden 2013}) 10... axb4 11. cxb4 Ne4 12. Nc3 Qf6 13. Nge2 Nxf2 14. O-O Ng4 15. h3 Nge5 16. Na4 Nc4 17. e4 Nd4 18. Bxd7+ Kxd7 19. Nxd4 Qxd4+ 20. Kh1 Qxe4 21. Rae1 Qg6 22. Rc1 Ke8 23. Rxc4 dxc4 24. Qxc4 e5 25. Nb6 Ra3 26. Bxe5 Qe6 27. Re1 Be7 28. Qb5+ Kf8 29. Bxg7+ Kxg7 30. Rxe6 fxe6 31. Qd7 Kf6 32. Qd4+ e5 33. Qh4+ Kf7 34. Qh5+ Kg7 35. Nd5 1-0